| 000 | 01254nam a2200325 a 4500 | ||
|---|---|---|---|
| 001 | 000116163 | ||
| 003 | CHAP | ||
| 005 | 20220329144603.0 | ||
| 008 | 190925s2019 mx | |sm |||||||spa d | ||
| 010 | _a112624 | ||
| 011 | _a113596 | ||
| 040 | _cCHAP | ||
| 090 | _aTesis | ||
| 100 | 1 |
_aRamírez Vásquez, Jesús Daniel. _9136906 |
|
| 245 | 1 | 0 |
_aCapacidad comercial y factores de competitividad en la red de productores de maíz (Zea mays) de valles centrales, Oaxaca _h[En línea] _cpor Jesús Daniel Ramírez Vásquez. |
| 260 |
_aChapingo, Méx. : _bEl autor, _c2019. |
||
| 500 | _aPara ver el contenido del material haga clic en la liga | ||
| 502 | _aTesis (Licenciado en Redes Agroalimentarias) -- UACH. Didección de Centros Regionales Universitarios | ||
| 590 |
_aBATCH-UPD _b05 _c20190925 _lUCH01 _h1428 |
||
| 590 |
_aE6337LMJ _b05 _c20190925 _lUCH01 _h1428 |
||
| 590 |
_aE6337LMJ _b05 _c20190925 _lUCH01 _h1428 |
||
| 650 | 1 | 4 |
_aMaíz _xCostos de producción _zOaxaca. _9134993 |
| 650 | 1 | 4 |
_aMaíz _xMercadeo. _971007 |
| 650 | 1 | 4 |
_aMaíz _xOrganización de productores. _9135086 |
| 650 | 1 | 4 |
_aMaíz _zOaxaca. _971100 |
| 856 |
_aFinding aid _uhttp://10.13.5.2/tesis/sist116163.pdf _zTeclea aquí |
||
| 901 | _aBK | ||
| 942 | _cTESIS | ||
| 942 | _n0 | ||
| 999 |
_c112624 _d112624 |
||